Statistics for US States with the most rapidly growing cities

Click here to take the quiz!

General Stats

  • This quiz has been taken 96 times
  • The average score is 7 of 12

Answer Stats

# of Cities State % Correct
6California
96%
18Texas
91%
7Florida
91%
6Arizona
74%
4Washington
73%
3Georgia
65%
2Nevada
61%
8Colorado
60%
5North Carolina
49%
2Oklahoma
34%
2South Carolina
26%
2Tennessee
26%

Score Distribution

Percentile by Number Answered

Percent of People with Each Score

Your Score History

You have not taken this quiz